Načítá se...
Ninamaninja kalppadukal
| Hlavní autor: | |
|---|---|
| Médium: | Printed Book |
| Jazyk: | Malayalam |
| Vydáno: |
.
|
| Témata: |
| LEADER | 00408nam a2200133Ia 4500 | ||
|---|---|---|---|
| 008 | 150624b xxu||||| |||| 00| f mal d | ||
| 999 | |c 103159 |d 103159 | ||
| 100 | |a Parappurath | ||
| 245 | |c Parappurath |a Ninamaninja kalppadukal | ||
| 260 | |c . | ||
| 546 | |a In Malayalam. | ||
| 650 | |v Novel | ||
| 942 | |c BK | ||
| 952 | |0 1 |1 1 |4 0 |6 853_291000000000000_NIN_M |7 0 |9 104551 |a UL |b UL |c ST1 |d 2014-06-03 |l 0 |o 853.291 NIN M |p 46935 |r 2014-06-03 |y BK | ||